Vodoznaky v statických obrazoch

Gespeichert in:
Bibliographische Detailangaben
1. Verfasser: Janík, Pavol (Verfasst von)
Weitere Verfasser: Kotuliaková, Jana, 1939- (Betreuung Doktorarbeit)
Format: Manuskript Buch
Sprache:Slowakisch
Veröffentlicht: Bratislava : STU v Bratislave FEI, 2003
Schlagworte:
Tags: Tag hinzufügen
Keine Tags, Fügen Sie das erste Tag hinzu!

MARC

LEADER 00000ntm a22000003a 4500
001 stu81056
005 20160719164728.0
008 030618s2003------------------------slo-d
040 |a STU  |b slo 
041 0 |a slo 
100 1 |a Janík, Pavol  |4 aut 
245 1 |a Vodoznaky v statických obrazoch 
260 |a Bratislava :  |b STU v Bratislave FEI,  |c 2003 
300 |a 61 s 
650 7 |a Telekomunikácie  |2 stusub 
700 1 |a Kotuliaková, Jana,  |d 1939-  |4 ths  |u E240  |U FEI Fakulta elektrotechniky a informatiky  |T FEI Katedra telekomunikácií  |X 2139  |U E240  |Y 72  |7 A000002139